Most 10+ sack seasons for every team - Statistics

General Stats
  • This quiz has been taken 23 times
  • The average score is 17 of 40
Answer Stats
Team Seasons Player % Correct
BUF 12 Bruce Smith
87%
NYG 7 Lawrence Taylor
87%
MIA 6 Jason Taylor
83%
Reggie White
78%
PHI 8 Reggie White
78%
ARI 5 Chandler Jones
74%
Sean Jones
74%
HOU 5 J.J. Watt
65%
PIT 4 T.J. Watt
65%
CLE 4 Myles Garrett
61%
DEN 7 Von Miller
61%
CAR 7 Julius Peppers
57%
LAR 6 Aaron Donald
52%
BAL 7 Terrell Suggs
52%
MIN 8 John Randle
48%
NOS 6 Cameron Jordan
43%
GBP 4 Clay Matthews
43%
KAN 7 Derrick Thomas
43%
SEA 5 Jacob Green
43%
Rickey Jackson
43%
JAX 2 Calais Campbell
39%
DAL 7 DeMarcus Ware
39%
CHI 8 Richard Dent
39%
IND 7 Dwight Freeney
35%
TEN 3 Jevon Kearse
35%
CIN 7 Chad Johnson
30%
Mark Gastineau
30%
WAS 4 Ryan Kerrigan
30%
SFF 4 Charles Haley
26%
Dexter Manley
22%
ATL 4 John Abraham
22%
NYJ 3 John Abraham
22%
NEP 6 Andre Tippett
17%
LAC 7 Leslie O'Neal
17%
TBB 5 Simeon Rice
17%
DET 5 Robert Porcher
9%
Tony Brackens
9%
Charles Mann
4%
LVR 7 Greg Townsend
4%
Kabeer Gbaja-Biamila
0%
No matching quizzes found
Score Distribution
Percent of People with Each Score
Percentile by Number Answered
Your Score History
You have not taken this quiz